LEADER 00913nam0-22002771i-450 001 990005709820403321 005 20201120100552.0 035 $a000570982 100 $a19990530d1925----km-y0itay50------ba 101 0 $afre 105 $ay-------001yy 200 1 $aMemoires de sir George Buchanan$eancien ambassadeur d'Angleterre en Russe (1910-1917)$ftraduit de l'anglais par Marcel Thièbaut 210 $aParis$cPayot$d1925 215 $a308 p.$d23 cm 225 1 $aCollection de mémoires, études et documents pour servir à l?histoire de la guerre mondiale 676 $a940.42 676 $a327.41047 700 1$aBuchanan,$bGeorge$0386497 702 1$aThiebaut,$bMarcel 801 0$aIT$bUNINA$gREICAT$2UNIMARC 901 $aBK 912 $a990005709820403321 952 $aP.4 COLL. 32 (21)$bBIBL. 9129$fFLFBC 959 $aFLFBC 996 $aMemoires de sir George Buchanan$91761643 997 $aUNINA LEADER 01823oam 2200505M 450 001 9910716151803321 005 20200213070923.5 035 $a(CKB)5470000002518597 035 $a(OCoLC)1065608986 035 $a(OCoLC)995470000002518597 035 $a(EXLCZ)995470000002518597 100 $a20071213d1926 ua 0 101 0 $aeng 135 $aurcn||||||||| 181 $ctxt$2rdacontent 182 $cc$2rdamedia 183 $acr$2rdacarrier 200 10$aEdward J. O'Rourke, guardian of Katie I. O'Rourke. May 17 (calendar day, May 19), 1926. -- Ordered to be printed 210 1$a[Washington, D.C.] :$c[U.S. Government Printing Office],$d1926. 215 $a1 online resource (24 pages) $ctables 225 1 $aSenate report / 69th Congress, 1st session. Senate ;$vno. 867 225 1 $a[United States congressional serial set ] ;$v[serial no. 8528] 300 $aBatch processed record: Metadata reviewed, not verified. Some fields updated by batch processes. 300 $aFDLP item number not assigned. 517 $aEdward J. O'Rourke, guardian of Katie I. O'Rourke. May 17 606 $aClaims 606 $aPostal service$xUnclaimed mail 606 $aGuardian and ward 606 $aMentally ill 608 $aLegislative materials.$2lcgft 615 0$aClaims. 615 0$aPostal service$xUnclaimed mail. 615 0$aGuardian and ward. 615 0$aMentally ill. 701 $aDeneen$b Charles Samuel$f1863-1940$pRepublican (IL)$01386813 801 0$bWYU 801 1$bWYU 801 2$bOCLCO 801 2$bOCLCQ 801 2$bOCLCO 801 2$bOCLCQ 906 $aBOOK 912 $a9910716151803321 996 $aEdward J. O'Rourke, guardian of Katie I. O'Rourke. May 17 (calendar day, May 19), 1926. -- Ordered to be printed$93456189 997 $aUNINA